The transmission-line modeling method : TLM /

Na minha lista:
Detalhes bibliográficos
Autor principal: Christopoulos, Christos (Author)
Formato: Livro
Idioma:inglês
Publicado em: Piscataway : Institute of Electrical and Electronics Engineers, 1995
Assuntos:
Tags: Adicionar Tag
Sem tags, seja o primeiro a adicionar uma tag!

MARC

LEADER 00000nam a22000003a 4500
001 stu9130
005 20150617225807.5
008 960704s1995----xxu-----------------eng-d
020 |a 0-7803-1017-9 
040 |a STU  |b slo 
041 0 |a eng 
044 |a xxu 
080 |a 537.8 
080 |a 519.6 
080 |a 519.876.5 
084 |a A4110  |2 INS 
084 |a B2160  |2 INS 
084 |a B5240  |2 INS 
084 |a C1220  |2 INS 
084 |a C7320  |2 INS 
084 |a C7410  |2 INS 
100 1 |a Christopoulos, Christos  |4 aut 
245 1 |a The transmission-line modeling method :  |b TLM /  |c [aut.] Christopoulos,Christos 
260 |a Piscataway :  |b Institute of Electrical and Electronics Engineers,  |c 1995 
300 |a 220 s 
650 7 |a elektromagnetické polia  |2 stusub 
650 7 |a šírenie elektromagnetických vĺn  |2 stusub 
650 7 |a modelovanie  |2 stusub 
650 7 |a simulácia  |2 stusub 
996 |b E80682  |c E*80682  |l EE12  |s P  |a 0  |w stu9130_0001